000 00420nam a22001697a 4500
003 OSt
005 20250430111358.0
008 250430b |||||||| |||| 00| 0 eng d
020 _a9781035035052
040 _asdcl
_csdcl
082 _aO-,3N71 R3
100 _aKawaguchi, Toshikazu
_9753529
245 _aBefore the coffee gets cold
260 _aLondon :
_bPicador,
_c2023.
300 _a213p
942 _2CC
_cGB
_n0
999 _c1309800
_d1309800